LEADER 01307nam a2200265 a 4500 001 000000159710 003 CaOOAMICUS 005 20170328104926.0 008 170328s1963 it m 001 u eng r 032 $aLibriCat 040 $aPUL$bita 100 1 $aMcFadden, William,$cS.I.$0(OLS)http://pul/name/102156 245 14$aThe exegesis of I Cor 1:24 "Christ, the power of God and the wisdom of God" until the Arian controversy /$cauctore Gulielmo McFadden, S.I. 260 $aRoma :$bPontificia Università Gregoriana,$c1963. 300 $a68 p. ;$c25 cm. 502 $aEstratto da tesi -- Pontificia Universitas Gregoriana. Facultas theologica. 1963. 504 $aBibliografia in nota. 650 4$aArianesimo.$0(OLS)http://pul/subject/8991 710 2 $aPontificia Università Gregoriana.$bFacoltà di teologia.$kTesi.$0(OLS)http://pul/name/81592 850 $aPUL 852 $aPUL$W1$xDP1 Tesi Pon. Univ. Gregoriana$y40$mTH PUG 1485$j183263$qTesi$B186469$CPULBib$Z2$F186469 $H24543 $82 941 1 $a16 996 $6245$aThe exegesis of I Cor 1:24 "Christ, the power of God and the wisdom of God" until the Arian controversy$9(OLS)http://pul/title/199342 996 $6260$aRoma :$bPontificia Università Gregoriana$9(OLS)http://pul/publisher/47853 LEADER 01067nam a2200265 u 4500 001 000000065245 003 CaOOAMICUS 005 20070226121438.0 008 011203s1927 it u000 u ita u 035 $a10912473 040 $aPUL(R)$bita 100 1 $aSaitta, Giuseppe,$d1881-1965.$0(OLS)http://pul/name/13446 245 13$aIl pensiero politico di Vincenzo Gioberti /$cGiuseppe Saitta. 250 $a2. ed., riveduta e accresciuta. 260 $aFirenze :$bVallecchi,$c1927. 300 $a438 p. ;$c20 cm 490 1 $aIl pensiero moderno ;$v26 500 $aBibliografia in nota. 600 14$aGioberti, Vincenzo,$d1801-1852.$0(OLS)http://pul/subject/7399 830 3$aIl pensiero moderno ;$v26.$0(OLS)http://pul/title/7875 850 $aPUL 852 $aPUL$W1$xSL Filosofia 1$y2$m93 E 7$j84516$nBK-PRI$b $qStampati$B84516$CPULBib$Z2$F84516 $H $81 941 1 $a8 996 $6245$aIl pensiero politico di Vincenzo Gioberti$9(OLS)http://pul/title/86826 996 $6260$aFirenze :$bVallecchi$9(OLS)http://pul/publisher/47977